Los papeleros
Salvato in:
| Autore principale: | |
|---|---|
| Natura: | Libro |
| Lingua: | spagnolo |
| Pubblicazione: |
Santiago
Torsegel
1989
|
| Serie: | Serie Teatro
|
| Soggetti: | |
| Tags: |
Aggiungi Tag
Nessun Tag, puoi essere il primo ad aggiungerne!!
|
MARC
| LEADER | 00000nam a2200000 a 4500 | ||
|---|---|---|---|
| 001 | UCU4491 | ||
| 003 | CL-VaPUC | ||
| 008 | 960524e19890000CL |||||||||||||||||spa|d | ||
| 082 | 0 | 4 | |a Ch862 |b AGU |2 21 |
| 100 | 0 | |a Aguirre, Isidora |e author |9 345740 | |
| 245 | 1 | 4 | |a Los papeleros |
| 300 | |a 91 p | ||
| 942 | |c BK | ||
| 945 | |d 19960524 00:00:00 |a mcarcey | ||
| 260 | |a Santiago |b Torsegel |c 1989 | ||
| 650 | 7 | |a DRAMA CHILENO |2 CL-VaPUC |9 269279 | |
| 583 | |a last modification |c 19960524 00:00:00 |k Rodrigo Vera | ||
| 490 | 0 | |a Serie Teatro | |
| 999 | |c 248184 |d 248182 | ||
| 952 | |0 0 |1 0 |4 0 |6 CH_862_000000000000000_AGU_1989 |7 0 |8 A |9 264634 |a BIBEDU |b BIBEDU |d 2019-11-19 |i 320166K |l 5 |m 1 |o Ch862 AGU 1989 |p 320166K |r 2024-06-26 |s 2024-06-25 |w 2019-11-19 |y BK |k LIT | ||